000 00660cab a2200241 4500
001 WB2915-70
008 090401t1993 xxu||||| |||| 00| 0 eng d
035 _a(Sirsi) u6290
041 _aeng
245 _aFarm waste
260 _c1993
350 _a0
490 _aMAFF News Release
_v(126/93) 21 April 1993 (3)
520 _aFarmers can receive free advice from ADAS on the best way to manage their farm waste.
650 _aFARM POLLUTION
650 _aFARM WASTE MANAGEMENT PLANS
650 _aFARMING
650 _aPOLLUTION
690 _aENVIRONMENTAL AND LAND CONSULTANCY
690 _aRURAL PRACTICE
942 _n0
948 _c04/03/1997
999 _c3787
_d3787